00590cam a22002291i 4500001001300000003000400013005001700017008004100034010001700075035002000092040002100112042001200133050002000145100002000165245003700185260003600222300002100258500002900279740001700308740001800325999001700343he 66000606 DLC20260227111437.0860228s1966 is 000 1 yid  ahe 66000606  a(OCoLC)13212207 aDLCcWMdCUdDLC apremarc00aPJ5129.H526bR21 aHofer, Jechiel.10aR. Tanḥum /cYeḥiʼel Hofer. aTel Aviv :bI.L. Peretz,c1966. a218 p. ;c22 cm. aAdded t.p.: Reb Tanchum.0 aReb Tanchum.0 aReb Tanḥum. c31637d31637